000 01195cam a2200325 i 4500
005 20260322212019.0
008 data
010 _a 76054922
020 _a0873801202
020 _a9780873801201
040 _aDLC
_cDLC
_dDLC
043 _an-ust--
_an-us-az
_an-ust--
050 1 0 _aF811
_b.S95 1976
082 0 0 _aB
_aB
092 _a979.1 S95 1976
100 1 _aSummerhayes, Martha,
_d1844-1926.
245 1 0 _aVanished Arizona :
_brecollections of the Army life of a New England woman /
_cMartha Summerhayes.
260 _aGlorieta, N.M. :
_bRio Grande Press,
_cc1966.
300 _a327 p., [26] leaves of plates :
_bill. ;
_c24 cm.
490 0 _aA Rio Grande classic
500 _a"7th edition." Reprint of the 2d ed. (1911) published by the Salem Press Co., Salem, Mass.; with new 1976 publisher's pref. and some additional photos.
500 _aIncludes index.
600 1 0 _aSummerhayes, Martha,
_d1844-1926.
610 1 0 _aUnited States.
_bArmy
_xMilitary life.
650 0 _aIndians of North America
_xWars
_y1866-1895.
650 0 _aArmy spouses
_zArizona
_xBiography.
651 0 _aArizona
_xDescription and travel.
651 0 _aSouthwest, New
_xDescription and travel.
001 data
999 _c432
_d432